Clicca le canzoni giuste #2 - Statistics

Statistiche generali
  • Questo quiz è stato fatto 269 volte
  • Il punteggio medio è 24 su 45
Statistiche sulle risposte
Domanda Casella Select % Corretto
AC-DC Africa No
95%
AC-DC Shout No
90%
AC-DC Bad to the bone No
86%
Nirvana Bad No
85%
AC-DC Dream on No
85%
Nirvana Heroes No
83%
AC-DC Highway to Hell
81%
AC-DC Thunderstruck
81%
Nirvana Smell like teen spirit
79%
Nirvana Hard Skool No
78%
Nirvana In the end No
77%
AC-DC Back in Black
70%
Black Sabbath/Ozzy Osborne Sweet child o' mine No
63%
White Stripes Hold the line No
61%
Black Sabbath/Ozzy Osborne Rosanna No
59%
Ramones Sorry No
59%
AC-DC T.N.T.
59%
White Stripes American Woman No
55%
Ramones Lux Æterna No
55%
White Stripes My woman from Tokyo No
55%
Nirvana Come as you are
54%
Ramones Some like it hot No
53%
White Stripes Strange kind of woman No
53%
White Stripes Break it down again No
52%
Nirvana Lithium
52%
Black Sabbath/Ozzy Osborne Sharp depressed man No
52%
Black Sabbath/Ozzy Osborne God's mistake No
51%
White Stripes Seven Nation Army
50%
Ramones Are you gonna be my girl No
46%
Black Sabbath/Ozzy Osborne Paranoid
46%
AC-DC Hells Bells
44%
Black Sabbath/Ozzy Osborne Crazy train
38%
Nirvana Rape me
38%
Ramones Blitzkriegbop
35%
Ramones My Sharona No
35%
Nirvana Hearth-shaped box
34%
Black Sabbath/Ozzy Osborne Iron man
32%
Black Sabbath/Ozzy Osborne Psycho man
31%
Ramones I wanna be sedated
30%
Ramones Sheena is punk rocker
28%
Ramones I wanna live
22%
White Stripes Fell in love with a girl
20%
White Stripes The hardest button to button
20%
White Stripes Black Math
18%
Black Sabbath/Ozzy Osborne One of those days
18%
Nessun quiz corrispondente trovato
Distribuzione punteggi
Percentuale di utenti per punteggio
Percentile per numero di risposta
I tuoi punteggi nel tempo
Non hai fatto questo quiz